|
|
|
|
| LEADER |
00000cam a2200000 a 4500 |
| 001 |
vtls008349208 |
| 003 |
SK-MaSNL |
| 005 |
20260301164807.0 |
| 008 |
230403s1971 xo a e n 000 0 slo |
| 015 |
|
|
|a SNBA1971/04-01028
|
| 035 |
|
|
|a SK01SNK19710041425
|
| 035 |
|
|
|a urn:nbn:sk:snk-aml97o
|
| 035 |
|
|
|a urn:nbn:sk:snk-am008rtf
|
| 035 |
|
|
|a D2EC2E52-0EC3-4A6C-8149-CC3EBB65F490
|
| 035 |
|
|
|a SKM000043888
|
| 040 |
|
|
|a SNK
|b slo
|c SNK
|e AACR2
|
| 041 |
0 |
|
|a slo
|
| 044 |
|
|
|a xo
|c SK
|
| 080 |
|
|
|a 657:371.3:631(075.8)
|2 1981
|
| 080 |
|
|
|a 371.3:631
|2 1981
|
| 100 |
1 |
|
|a Kudláč, Václav
|4 aut
|9 45094
|
| 245 |
1 |
0 |
|a Metodika vyučovania predmetu Účtovníctvo na poľnohospodárskych školách
|c Václav Kudláč
|
| 260 |
|
|
|a Nitra
|b Vysoká škola poľnohospodárska
|c 1971
|
| 300 |
|
|
|a 147 s.
|b sch., tab.
|c 4°
|
| 366 |
|
|
|e 50 výt.
|
| 504 |
|
|
|a Bibliogr. odkazy
|
| 650 |
0 |
7 |
|a účtovníctvo
|2 SNKPH
|9 649
|
| 650 |
0 |
7 |
|a vyučovanie
|2 SNKPH
|9 1522
|
| 650 |
0 |
7 |
|a poľnohospodárske školy
|2 SNKPH
|9 355689
|
| 655 |
|
7 |
|a učebnice vysokých škôl
|2 SNKPH
|9 70191
|
| 852 |
|
|
|a Slovenská národná knižnica
|
| 954 |
|
|
|a odborná, vedecká literatúra pôvodná (slovenská)
|2 lita
|
| 958 |
|
|
|a OND
|
| 958 |
|
|
|a NB
|
| 958 |
|
|
|a EUIPO
|
| 999 |
|
|
|c 821849
|d 823779
|
| 952 |
|
|
|a SNK
|b SNK
|y PREZ
|7 0
|p 17A0892892
|o snkSB 17083
|i snkKSP 3851/71
|0 0
|1 0
|4 0
|d 2015-01-27
|f 1
|l 0
|r 2025-03-18 00:00:00
|w 2026-02-24
|
| 952 |
|
|
|a SNK
|b SNK
|y VYP
|7 0
|o snkSB 17083 D1
|i snkKSP 3852/71
|0 0
|1 0
|4 0
|d 2015-01-27
|l 0
|r 2026-02-24 03:09:35
|w 2026-02-24
|